<?xml version="1.0" encoding="UTF-8"?>
<collection xmlns="http://www.loc.gov/MARC21/slim">
 <record>
  <leader>07043cam a2201213   4500</leader>
  <controlfield tag="001">659255235</controlfield>
  <controlfield tag="003">DE-627</controlfield>
  <controlfield tag="005">20241217171248.0</controlfield>
  <controlfield tag="007">tu</controlfield>
  <controlfield tag="008">110518s2012    gw ||||| mr   00| ||ger c</controlfield>
  <datafield tag="010" ind1=" " ind2=" ">
   <subfield code="a">  2012440484</subfield>
  </datafield>
  <datafield tag="015" ind1=" " ind2=" ">
   <subfield code="a">11,N20</subfield>
   <subfield code="2">dnb</subfield>
  </datafield>
  <datafield tag="015" ind1=" " ind2=" ">
   <subfield code="a">11,N20</subfield>
   <subfield code="2">dnb</subfield>
  </datafield>
  <datafield tag="016" ind1="7" ind2=" ">
   <subfield code="a">1011628805</subfield>
   <subfield code="2">DE-101</subfield>
  </datafield>
  <datafield tag="020" ind1=" " ind2=" ">
   <subfield code="a">3412208078</subfield>
   <subfield code="c">Pb.</subfield>
   <subfield code="9">3-412-20807-8</subfield>
  </datafield>
  <datafield tag="020" ind1=" " ind2=" ">
   <subfield code="a">9783412208073</subfield>
   <subfield code="c">kart. : EUR 29.90 (DE), ca. EUR 25.60 (AT)</subfield>
   <subfield code="9">978-3-412-20807-3</subfield>
  </datafield>
  <datafield tag="024" ind1="3" ind2=" ">
   <subfield code="a">9783412208073</subfield>
  </datafield>
  <datafield tag="035" ind1=" " ind2=" ">
   <subfield code="a">(DE-627)659255235</subfield>
  </datafield>
  <datafield tag="035" ind1=" " ind2=" ">
   <subfield code="a">(DE-576)344984931</subfield>
  </datafield>
  <datafield tag="035" ind1=" " ind2=" ">
   <subfield code="a">(DE-599)DNB1011628805</subfield>
  </datafield>
  <datafield tag="035" ind1=" " ind2=" ">
   <subfield code="a">(OCoLC)844855647</subfield>
  </datafield>
  <datafield tag="035" ind1=" " ind2=" ">
   <subfield code="a">(OCoLC)729994305</subfield>
  </datafield>
  <datafield tag="035" ind1=" " ind2=" ">
   <subfield code="a">(OCoLC)795644028</subfield>
  </datafield>
  <datafield tag="040" ind1=" " ind2=" ">
   <subfield code="a">DE-627</subfield>
   <subfield code="b">ger</subfield>
   <subfield code="c">DE-627</subfield>
   <subfield code="e">rakwb</subfield>
  </datafield>
  <datafield tag="041" ind1=" " ind2=" ">
   <subfield code="a">ger</subfield>
  </datafield>
  <datafield tag="044" ind1=" " ind2=" ">
   <subfield code="c">XA-DE</subfield>
   <subfield code="c">XA-AT</subfield>
   <subfield code="c">XA-DE-NW</subfield>
  </datafield>
  <datafield tag="050" ind1=" " ind2="0">
   <subfield code="a">N8620</subfield>
  </datafield>
  <datafield tag="050" ind1=" " ind2="0">
   <subfield code="a">N8660.W45</subfield>
  </datafield>
  <datafield tag="082" ind1="0" ind2=" ">
   <subfield code="a">700</subfield>
   <subfield code="q">BSZ</subfield>
  </datafield>
  <datafield tag="082" ind1="0" ind2=" ">
   <subfield code="a">700.9</subfield>
  </datafield>
  <datafield tag="082" ind1="0" ind2="4">
   <subfield code="a">380</subfield>
   <subfield code="a">700</subfield>
   <subfield code="q">DNB</subfield>
  </datafield>
  <datafield tag="082" ind1="0" ind2="4">
   <subfield code="a">700</subfield>
  </datafield>
  <datafield tag="084" ind1=" " ind2=" ">
   <subfield code="a">9,10</subfield>
   <subfield code="2">ssgn</subfield>
  </datafield>
  <datafield tag="084" ind1=" " ind2=" ">
   <subfield code="a">LH 56170</subfield>
   <subfield code="2">rvk</subfield>
   <subfield code="0">(DE-625)rvk/94010:</subfield>
  </datafield>
  <datafield tag="084" ind1=" " ind2=" ">
   <subfield code="a">LH 60100</subfield>
   <subfield code="2">rvk</subfield>
   <subfield code="0">(DE-625)rvk/94169:</subfield>
  </datafield>
  <datafield tag="084" ind1=" " ind2=" ">
   <subfield code="a">LH 60180</subfield>
   <subfield code="2">rvk</subfield>
   <subfield code="0">(DE-625)rvk/94174:</subfield>
  </datafield>
  <datafield tag="084" ind1=" " ind2=" ">
   <subfield code="a">NQ 2280</subfield>
   <subfield code="2">rvk</subfield>
   <subfield code="0">(DE-625)rvk/128242:</subfield>
  </datafield>
  <datafield tag="084" ind1=" " ind2=" ">
   <subfield code="a">20.14</subfield>
   <subfield code="2">bkl</subfield>
  </datafield>
  <datafield tag="090" ind1=" " ind2=" ">
   <subfield code="a">a</subfield>
  </datafield>
  <datafield tag="100" ind1="1" ind2=" ">
   <subfield code="a">Hopp, Meike</subfield>
   <subfield code="d">1982-</subfield>
   <subfield code="0">(DE-588)135746809</subfield>
   <subfield code="0">(DE-627)693747889</subfield>
   <subfield code="0">(DE-576)300624395</subfield>
   <subfield code="4">aut</subfield>
  </datafield>
  <datafield tag="245" ind1="1" ind2="0">
   <subfield code="a">Kunsthandel im Nationalsozialismus: Adolf Weinmüller in München und Wien</subfield>
   <subfield code="c">Meike Hopp</subfield>
  </datafield>
  <datafield tag="264" ind1=" " ind2="1">
   <subfield code="a">Köln</subfield>
   <subfield code="a">Weimar</subfield>
   <subfield code="a">Wien</subfield>
   <subfield code="b">Böhlau</subfield>
   <subfield code="c">2012</subfield>
  </datafield>
  <datafield tag="300" ind1=" " ind2=" ">
   <subfield code="a">411 S.</subfield>
   <subfield code="b">Ill.</subfield>
  </datafield>
  <datafield tag="336" ind1=" " ind2=" ">
   <subfield code="a">Text</subfield>
   <subfield code="b">txt</subfield>
   <subfield code="2">rdacontent</subfield>
  </datafield>
  <datafield tag="337" ind1=" " ind2=" ">
   <subfield code="a">ohne Hilfsmittel zu benutzen</subfield>
   <subfield code="b">n</subfield>
   <subfield code="2">rdamedia</subfield>
  </datafield>
  <datafield tag="338" ind1=" " ind2=" ">
   <subfield code="a">Band</subfield>
   <subfield code="b">nc</subfield>
   <subfield code="2">rdacarrier</subfield>
  </datafield>
  <datafield tag="490" ind1="1" ind2=" ">
   <subfield code="a">Veröffentlichungen des Zentralinstituts für Kunstgeschichte</subfield>
   <subfield code="v">Bd. 30</subfield>
  </datafield>
  <datafield tag="500" ind1=" " ind2=" ">
   <subfield code="a">Literaturverz. S. [362] - 397</subfield>
  </datafield>
  <datafield tag="502" ind1=" " ind2=" ">
   <subfield code="a">Zugl.: München, Univ., Diss., 2012</subfield>
  </datafield>
  <datafield tag="583" ind1="1" ind2=" ">
   <subfield code="a">Archivierung/Langzeitarchivierung gewährleistet</subfield>
   <subfield code="f">SLG</subfield>
   <subfield code="x">XA-DE-BW</subfield>
   <subfield code="z">BfZ</subfield>
   <subfield code="2">pdager</subfield>
   <subfield code="5">DE-24</subfield>
  </datafield>
  <datafield tag="583" ind1="1" ind2=" ">
   <subfield code="a">Archivierung/Langzeitarchivierung gewährleistet</subfield>
   <subfield code="f">SSG</subfield>
   <subfield code="x">XA-DE-BW</subfield>
   <subfield code="2">pdager</subfield>
   <subfield code="5">DE-16</subfield>
  </datafield>
  <datafield tag="610" ind1="1" ind2="0">
   <subfield code="a">Weinmüller Münchener Kunstversteigerungshaus</subfield>
  </datafield>
  <datafield tag="610" ind1="1" ind2="0">
   <subfield code="a">Adolf Weinmüller (Firm)</subfield>
  </datafield>
  <datafield tag="650" ind1=" " ind2="0">
   <subfield code="a">National socialism and art</subfield>
  </datafield>
  <datafield tag="650" ind1=" " ind2="0">
   <subfield code="a">Art dealers</subfield>
   <subfield code="z">Germany</subfield>
   <subfield code="z">Berlin</subfield>
   <subfield code="x">History</subfield>
   <subfield code="y">20th century</subfield>
  </datafield>
  <datafield tag="650" ind1=" " ind2="0">
   <subfield code="a">Art dealers</subfield>
   <subfield code="z">Germany</subfield>
   <subfield code="z">Munich</subfield>
   <subfield code="x">History</subfield>
   <subfield code="y">20th century</subfield>
  </datafield>
  <datafield tag="650" ind1=" " ind2="0">
   <subfield code="a">Art dealers</subfield>
   <subfield code="z">Austria</subfield>
   <subfield code="z">Vienna</subfield>
   <subfield code="x">History</subfield>
   <subfield code="y">20th century</subfield>
  </datafield>
  <datafield tag="650" ind1=" " ind2="0">
   <subfield code="a">National socialism and art</subfield>
   <subfield code="z">Germany</subfield>
   <subfield code="z">Munich</subfield>
  </datafield>
  <datafield tag="650" ind1=" " ind2="0">
   <subfield code="a">National socialism and art</subfield>
   <subfield code="z">Austria</subfield>
   <subfield code="z">Vienna</subfield>
  </datafield>
  <datafield tag="655" ind1=" " ind2="7">
   <subfield code="a">Hochschulschrift</subfield>
   <subfield code="0">(DE-588)4113937-9</subfield>
   <subfield code="0">(DE-627)105825778</subfield>
   <subfield code="0">(DE-576)209480580</subfield>
   <subfield code="2">gnd-content</subfield>
  </datafield>
  <datafield tag="655" ind1=" " ind2="7">
   <subfield code="a">Verzeichnis</subfield>
   <subfield code="0">(DE-588)4188171-0</subfield>
   <subfield code="0">(DE-627)105266639</subfield>
   <subfield code="0">(DE-576)210051078</subfield>
   <subfield code="2">gnd-content</subfield>
  </datafield>
  <datafield tag="689" ind1="0" ind2="0">
   <subfield code="d">b</subfield>
   <subfield code="0">(DE-588)2054554-X</subfield>
   <subfield code="0">(DE-627)103195106</subfield>
   <subfield code="0">(DE-576)192021222</subfield>
   <subfield code="a">Neumeister Münchener Kunstauktionshaus</subfield>
   <subfield code="2">gnd</subfield>
  </datafield>
  <datafield tag="689" ind1="0" ind2="1">
   <subfield code="d">b</subfield>
   <subfield code="0">(DE-588)16034186-3</subfield>
   <subfield code="0">(DE-627)613345282</subfield>
   <subfield code="0">(DE-576)313280886</subfield>
   <subfield code="a">Wiener Kunstversteigerungshaus Adolf Weinmüller</subfield>
   <subfield code="2">gnd</subfield>
  </datafield>
  <datafield tag="689" ind1="0" ind2="2">
   <subfield code="a">z</subfield>
   <subfield code="2">gnd</subfield>
   <subfield code="a">Geschichte 1936-1945</subfield>
  </datafield>
  <datafield tag="689" ind1="0" ind2=" ">
   <subfield code="5">DE-101</subfield>
  </datafield>
  <datafield tag="689" ind1="1" ind2="0">
   <subfield code="d">b</subfield>
   <subfield code="0">(DE-588)2054554-X</subfield>
   <subfield code="0">(DE-627)103195106</subfield>
   <subfield code="0">(DE-576)192021222</subfield>
   <subfield code="a">Neumeister Münchener Kunstauktionshaus</subfield>
   <subfield code="2">gnd</subfield>
  </datafield>
  <datafield tag="689" ind1="1" ind2="1">
   <subfield code="d">b</subfield>
   <subfield code="0">(DE-588)16034186-3</subfield>
   <subfield code="0">(DE-627)613345282</subfield>
   <subfield code="0">(DE-576)313280886</subfield>
   <subfield code="a">Wiener Kunstversteigerungshaus Adolf Weinmüller</subfield>
   <subfield code="2">gnd</subfield>
  </datafield>
  <datafield tag="689" ind1="1" ind2="2">
   <subfield code="d">s</subfield>
   <subfield code="0">(DE-588)4143482-1</subfield>
   <subfield code="0">(DE-627)105605212</subfield>
   <subfield code="0">(DE-576)209726652</subfield>
   <subfield code="a">Auktionskatalog</subfield>
   <subfield code="2">gnd</subfield>
  </datafield>
  <datafield tag="689" ind1="1" ind2="3">
   <subfield code="a">z</subfield>
   <subfield code="2">gnd</subfield>
   <subfield code="a">Geschichte 1936-1944</subfield>
  </datafield>
  <datafield tag="689" ind1="1" ind2=" ">
   <subfield code="5">DE-101</subfield>
  </datafield>
  <datafield tag="689" ind1="2" ind2="0">
   <subfield code="d">s</subfield>
   <subfield code="0">(DE-588)4041316-0</subfield>
   <subfield code="0">(DE-627)106219685</subfield>
   <subfield code="0">(DE-576)209044454</subfield>
   <subfield code="a">Nationalsozialismus</subfield>
   <subfield code="2">gnd</subfield>
  </datafield>
  <datafield tag="689" ind1="2" ind2="1">
   <subfield code="d">s</subfield>
   <subfield code="0">(DE-588)4033647-5</subfield>
   <subfield code="0">(DE-627)104476397</subfield>
   <subfield code="0">(DE-576)209002956</subfield>
   <subfield code="a">Kunsthandel</subfield>
   <subfield code="2">gnd</subfield>
  </datafield>
  <datafield tag="689" ind1="2" ind2=" ">
   <subfield code="5">(DE-627)</subfield>
  </datafield>
  <datafield tag="700" ind1="1" ind2=" ">
   <subfield code="a">Weinmüller, Adolf</subfield>
   <subfield code="d">1886-1958</subfield>
   <subfield code="0">(DE-588)117269735</subfield>
   <subfield code="0">(DE-627)693812672</subfield>
   <subfield code="0">(DE-576)291253768</subfield>
   <subfield code="4">oth</subfield>
  </datafield>
  <datafield tag="751" ind1=" " ind2=" ">
   <subfield code="a">München</subfield>
   <subfield code="0">(DE-588)4127793-4</subfield>
   <subfield code="0">(DE-627)105722073</subfield>
   <subfield code="0">(DE-576)209596570</subfield>
   <subfield code="4">uvp</subfield>
  </datafield>
  <datafield tag="787" ind1="0" ind2="8">
   <subfield code="i">Rezension</subfield>
   <subfield code="a">Zur Mühlen, Ilse von, 1962 - </subfield>
   <subfield code="t">Von der Gegenwart eingeholt, doch nicht vergebens</subfield>
   <subfield code="d">2013</subfield>
   <subfield code="w">(DE-627)1489969497</subfield>
   <subfield code="w">(DE-576)419969497</subfield>
  </datafield>
  <datafield tag="787" ind1="0" ind2="8">
   <subfield code="i">Rezensiert in</subfield>
   <subfield code="a">Peters, Olaf, 1964 - </subfield>
   <subfield code="t">[Rezension von: Christine Fischer-Defoy / Kaspar Nürnberg (Hrsg.), Gute Geschäfte. Kunsthandel in Berlin 1933-1945 - Meike Hopp, Kunsthandel im Nationalsozialismus. Adolf Weinmüller in München und Wien]</subfield>
   <subfield code="d">2014</subfield>
   <subfield code="w">(DE-627)1798099853</subfield>
  </datafield>
  <datafield tag="810" ind1="2" ind2=" ">
   <subfield code="a">Zentralinstitut für Kunstgeschichte</subfield>
   <subfield code="t">Veröffentlichungen des Zentralinstituts für Kunstgeschichte in München</subfield>
   <subfield code="v">30</subfield>
   <subfield code="9">30</subfield>
   <subfield code="w">(DE-627)129668451</subfield>
   <subfield code="w">(DE-576)001486594</subfield>
   <subfield code="w">(DE-600)255790-3</subfield>
   <subfield code="7">ns</subfield>
  </datafield>
  <datafield tag="856" ind1="4" ind2="2">
   <subfield code="u">http://www.gbv.de/dms/weimar/toc/659255235_toc.pdf</subfield>
   <subfield code="m">V:DE-601</subfield>
   <subfield code="m">B:DE-Wim2</subfield>
   <subfield code="x">Verlag</subfield>
   <subfield code="y">Inhaltsverzeichnis</subfield>
   <subfield code="3">Inhaltsverzeichnis</subfield>
  </datafield>
  <datafield tag="856" ind1="4" ind2="2">
   <subfield code="u">http://deposit.dnb.de/cgi-bin/dokserv?id=3784045&amp;prov=M&amp;dok_var=1&amp;dok_ext=htm</subfield>
   <subfield code="m">X: MVB</subfield>
   <subfield code="q">text/html</subfield>
   <subfield code="v">2013-05-01</subfield>
   <subfield code="x">Verlag</subfield>
   <subfield code="3">Inhaltstext</subfield>
  </datafield>
  <datafield tag="856" ind1="4" ind2="2">
   <subfield code="u">https://swbplus.bsz-bw.de/bsz344984931rez.htm</subfield>
   <subfield code="m">B:DE-576;DE-16</subfield>
   <subfield code="q">application/pdf</subfield>
   <subfield code="v">20140122094924</subfield>
   <subfield code="x">Verlag</subfield>
   <subfield code="3">Rezension</subfield>
  </datafield>
  <datafield tag="856" ind1="4" ind2="2">
   <subfield code="u">http://www.sehepunkte.de/2014/01/22133.html</subfield>
   <subfield code="m">V:DE-576;X:Sehepunkte</subfield>
   <subfield code="q">text/html</subfield>
   <subfield code="v">20180417093818</subfield>
   <subfield code="3">Rezension</subfield>
  </datafield>
  <datafield tag="856" ind1="4" ind2="2">
   <subfield code="u">http://www.perlentaucher.de/buch/meike-hopp/kunsthandel-im-nationalsozialismus.html</subfield>
   <subfield code="x">Verlag</subfield>
   <subfield code="3">Rezension</subfield>
  </datafield>
  <datafield tag="856" ind1="4" ind2="2">
   <subfield code="u">https://www.vandenhoeck-ruprecht-verlage.com/themen-entdecken/kunst-und-architektur/kunstgeschichte-kunstwissenschaft/41349/kunsthandel-im-nationalsozialismus-adolf-weinmueller-in-muenchen-und-wien</subfield>
   <subfield code="q">application</subfield>
   <subfield code="y">Inhaltsbeschreibung</subfield>
  </datafield>
  <datafield tag="889" ind1=" " ind2=" ">
   <subfield code="w">(DE-627)888250134</subfield>
  </datafield>
  <datafield tag="935" ind1=" " ind2=" ">
   <subfield code="i">sf</subfield>
  </datafield>
  <datafield tag="935" ind1=" " ind2=" ">
   <subfield code="i">Blocktest</subfield>
  </datafield>
  <datafield tag="936" ind1="r" ind2="v">
   <subfield code="a">LH 56170</subfield>
   <subfield code="b">München</subfield>
   <subfield code="k">Kunstgeschichte</subfield>
   <subfield code="k">Allgemeines. Allgemeine Kunstgeschichte</subfield>
   <subfield code="k">Ausstellungswesen, Ausstellungskataloge</subfield>
   <subfield code="k">Kunsthandels- und Auktionskataloge</subfield>
   <subfield code="k">Orte M</subfield>
   <subfield code="k">München</subfield>
   <subfield code="0">(DE-627)1270651706</subfield>
   <subfield code="0">(DE-625)rvk/94010:</subfield>
   <subfield code="0">(DE-576)200651706</subfield>
  </datafield>
  <datafield tag="936" ind1="r" ind2="v">
   <subfield code="a">LH 60100</subfield>
   <subfield code="b">Kunsthandel und Kunstmarkt</subfield>
   <subfield code="k">Kunstgeschichte</subfield>
   <subfield code="k">Allgemeines. Allgemeine Kunstgeschichte</subfield>
   <subfield code="k">Bildende Kunst unter wirtschaftlichem Aspekt</subfield>
   <subfield code="k">Kunsthandel und Kunstmarkt</subfield>
   <subfield code="0">(DE-627)127065117X</subfield>
   <subfield code="0">(DE-625)rvk/94169:</subfield>
   <subfield code="0">(DE-576)20065117X</subfield>
  </datafield>
  <datafield tag="936" ind1="r" ind2="v">
   <subfield code="a">LH 60180</subfield>
   <subfield code="b">Kunstdiebstahl, Kunstraub in Kriegen, Rückführung von Kunstgut</subfield>
   <subfield code="k">Kunstgeschichte</subfield>
   <subfield code="k">Allgemeines. Allgemeine Kunstgeschichte</subfield>
   <subfield code="k">Bildende Kunst und Recht</subfield>
   <subfield code="k">Kunstdiebstahl, Kunstraub in Kriegen, Rückführung von Kunstgut</subfield>
   <subfield code="0">(DE-627)1270638327</subfield>
   <subfield code="0">(DE-625)rvk/94174:</subfield>
   <subfield code="0">(DE-576)200638327</subfield>
  </datafield>
  <datafield tag="936" ind1="r" ind2="v">
   <subfield code="a">NQ 2280</subfield>
   <subfield code="b">Kultur, Wissenschaft und Schulen, Erziehung</subfield>
   <subfield code="k">Geschichte</subfield>
   <subfield code="k">Geschichte seit 1918</subfield>
   <subfield code="k">Drittes Reich</subfield>
   <subfield code="k">Innere Geschichte</subfield>
   <subfield code="k">Kultur, Wissenschaft und Schulen, Erziehung</subfield>
   <subfield code="0">(DE-627)1270810936</subfield>
   <subfield code="0">(DE-625)rvk/128242:</subfield>
   <subfield code="0">(DE-576)200810936</subfield>
  </datafield>
  <datafield tag="936" ind1="b" ind2="k">
   <subfield code="a">20.14</subfield>
   <subfield code="j">Kunsthandel</subfield>
   <subfield code="0">(DE-627)106406302</subfield>
  </datafield>
  <datafield tag="951" ind1=" " ind2=" ">
   <subfield code="a">BO</subfield>
  </datafield>
  <datafield tag="990" ind1=" " ind2=" ">
   <subfield code="a">Neumeister Münchener Kunstauktionshaus</subfield>
  </datafield>
  <datafield tag="990" ind1=" " ind2=" ">
   <subfield code="a">Wiener Kunstversteigerungshaus Adolf Weinmüller</subfield>
  </datafield>
  <datafield tag="990" ind1=" " ind2=" ">
   <subfield code="a">Geschichte 1936-1945</subfield>
  </datafield>
  <datafield tag="990" ind1=" " ind2=" ">
   <subfield code="a">Neumeister Münchener Kunstauktionshaus</subfield>
  </datafield>
  <datafield tag="990" ind1=" " ind2=" ">
   <subfield code="a">Wiener Kunstversteigerungshaus Adolf Weinmüller</subfield>
  </datafield>
  <datafield tag="990" ind1=" " ind2=" ">
   <subfield code="a">Auktionskatalog</subfield>
  </datafield>
  <datafield tag="990" ind1=" " ind2=" ">
   <subfield code="a">Geschichte 1936-1944</subfield>
  </datafield>
  <datafield tag="990" ind1=" " ind2=" ">
   <subfield code="a">Nationalsozialismus</subfield>
  </datafield>
  <datafield tag="990" ind1=" " ind2=" ">
   <subfield code="a">Kunsthandel</subfield>
  </datafield>
  <datafield tag="991" ind1=" " ind2=" ">
   <subfield code="a">Rezensiertes Werk</subfield>
  </datafield>
  <datafield tag="999" ind1=" " ind2=" ">
   <subfield code="a">KXP-PPN659255235</subfield>
   <subfield code="e">4151650202</subfield>
  </datafield>
 </record>
</collection>
